| 000 | 00463cam a2200193 4500 | ||
|---|---|---|---|
| 001 | D8797 | ||
| 008 | 090401t1973 xxu||||| |||| 00| 0 eng d | ||
| 035 | _a(Sirsi) u15365 | ||
| 041 | _aeng | ||
| 050 | _a526.90285 | ||
| 100 | _aSmith, James Raymond | ||
| 245 | _aDesk calculators | ||
| 260 |
_aLondon _bCrosby Lockwood Staples _c1973 |
||
| 300 | _a143p | ||
| 350 | _a1.95 | ||
| 490 | _aAspects of Modern Land Surveying | ||
| 942 | _n0 | ||
| 948 | _c04/03/1997 | ||
| 999 |
_c87275 _d87275 |
||